Vlastné verzus cudzie zdroje financovania podniku

Zdroje financovania podniku. Výhody a nevýhody financovania podniku základnými formami vlastných zdrojov. Praktický príklad výpočtu rentability vlastného kapitálu pri rôznych úrovniach zadlženia. Využitie kompromisnej teórie pri rozhodovaní o štruktúre financovania podnikateľských potrieb.

Na minha lista:
Detalhes bibliográficos
Autor principal: Melicheríková, Zuzana
Formato: Capítulo de Livro
Idioma:eslovaco
Assuntos:
Tags: Adicionar Tag
Sem tags, seja o primeiro a adicionar uma tag!

MARC

LEADER 00000naa$a2200000$$$4500
001 0086202
005 20240502071957.8
041 0 |a slo 
044 |a SK 
245 1 0 |a Vlastné verzus cudzie zdroje financovania podniku  |c Zuzana Melicheríková 
520 |a Zdroje financovania podniku. Výhody a nevýhody financovania podniku základnými formami vlastných zdrojov. Praktický príklad výpočtu rentability vlastného kapitálu pri rôznych úrovniach zadlženia. Využitie kompromisnej teórie pri rozhodovaní o štruktúre financovania podnikateľských potrieb. 
610 2 0 |a financovanie 
610 2 0 |a zdroje finančné cudzie 
610 2 0 |a zdroje finančné vlastné 
610 2 0 |a kapitál základný 
610 2 0 |a zisk 
610 2 0 |a rentabilita 
610 2 0 |a aktíva 
610 2 0 |a podnikanie 
100 1 |a Melicheríková, Zuzana